Adivina el país misterioso con pistas direccionales - Estadísticas

Estadísticas generales
  • Esta prueba ha sido intentada 122 veces
  • La puntuación promedio es 119 de 196
Respuestas en el mapa
Las respuestas están codificadas por una escala verde-roja en el mapa de la prueba según el % correcto abajo.
 
Estadísticas de respuestas
Country % Correcto
Rusia
100%
España
95%
Ucrania
92%
Bielorrusia
89%
Polonia
89%
Eslovaquia
84%
Letonia
84%
Rumania
84%
Hungría
81%
Lituania
81%
Estonia
78%
Eslovenia
73%
Moldavia
73%
Serbia
73%
Turquía
73%
Albania
70%
Alemania
70%
Bulgaria
70%
Chipre
70%
Croacia
70%
Grecia
70%
Austria
68%
China
68%
Italia
68%
Kosovo
68%
Montenegro
68%
Suiza
68%
Bosnia y Herzegovina
65%
Finlandia
65%
Georgia
65%
Macedonia del Norte
65%
Mongolia
65%
Noruega
65%
Armenia
62%
Dinamarca
62%
Estados Unidos
62%
Francia
62%
Irlanda
62%
Japón
62%
Malta
62%
República Checa
62%
Suecia
62%
Túnez
62%
Afganistán
59%
Andorra
59%
Arabia Saudita
59%
Argelia
59%
Argentina
59%
Australia
59%
Azerbaiyán
59%
Brasil
59%
Chile
59%
Corea del Norte
59%
Corea del Sur
59%
Egipto
59%
Gabón
59%
Gambia
59%
Ghana
59%
Guinea
59%
Guinea Ecuatorial
59%
Irán
59%
Islandia
59%
Kazajistán
59%
Kuwait
59%
Líbano
59%
Maldivas
59%
Marruecos
59%
Perú
59%
Reino Unido
59%
República Centroafricana
59%
Sudáfrica
59%
Turkmenistán
59%
Vietnam
59%
Angola
57%
Antigua y Barbuda
57%
Bahamas
57%
Bangladés
57%
Barbados
57%
Baréin
57%
Bélgica
57%
Belice
57%
Benín
57%
Bolivia
57%
Botsuana
57%
Brunéi
57%
Burkina Faso
57%
Burundi
57%
Bután
57%
Cabo Verde
57%
Camboya
57%
Camerún
57%
Canadá
57%
Catar
57%
Chad
57%
Ciudad del Vaticano
57%
Colombia
57%
Comoras
57%
Costa de Marfil
57%
Costa Rica
57%
Cuba
57%
Dominica
57%
Ecuador
57%
El Salvador
57%
Emiratos Árabes Unidos
57%
Eritrea
57%
Estados Federados de Micronesia
57%
Esuatini
57%
Etiopía
57%
Filipinas
57%
Fiyi
57%
Granada
57%
Guatemala
57%
Guinea-Bissau
57%
Guyana
57%
Haití
57%
Honduras
57%
India
57%
Indonesia
57%
Irak
57%
Islas Marshall
57%
Islas Salomón
57%
Israel
57%
Jamaica
57%
Jordania
57%
Kenia
57%
Kirguistán
57%
Kiribati
57%
Laos
57%
Lesoto
57%
Liberia
57%
Libia
57%
Liechtenstein
57%
Luxemburgo
57%
Madagascar
57%
Malasia
57%
Malaui
57%
Malí
57%
Mauricio
57%
Mauritania
57%
México
57%
Mónaco
57%
Mozambique
57%
Myanmar
57%
Namibia
57%
Nauru
57%
Nepal
57%
Nicaragua
57%
Níger
57%
Nigeria
57%
Nueva Zelanda
57%
Omán
57%
Países Bajos
57%
Pakistán
57%
Palaos
57%
Panamá
57%
Papúa Nueva Guinea
57%
Paraguay
57%
Portugal
57%
República del Congo
57%
República Democrática del Congo
57%
República Dominicana
57%
Ruanda
57%
Samoa
57%
San Cristóbal y Nieves
57%
San Marino
57%
Santa Lucía
57%
Santo Tomé y Príncipe
57%
San Vicente y las Granadinas
57%
Senegal
57%
Seychelles
57%
Sierra Leona
57%
Singapur
57%
Siria
57%
Somalia
57%
Sri Lanka
57%
Sudán
57%
Sudán del Sur
57%
Surinam
57%
Tailandia
57%
Taiwán
57%
Tanzania
57%
Tayikistán
57%
Timor Oriental
57%
Togo
57%
Tonga
57%
Trinidad y Tobago
57%
Tuvalu
57%
Uganda
57%
Uruguay
57%
Uzbekistán
57%
Vanuatu
57%
Venezuela
57%
Yemen
57%
Yibuti
57%
Zambia
57%
Zimbabue
57%
No se encontraron pruebas coincidentes
Distribución de puntuación
Porcentaje de gente con cada puntuación
Porcentaje por número respondido
Historial de tus puntuaciones
No has intentado esta prueba.